<?xml version="1.0" encoding="UTF-8"?>
<marc:record xmlns:marc="http://www.loc.gov/MARC21/slim">
   <marc:leader>00000nam a2200000 a 4500</marc:leader>
   <marc:datafield ind1="1" ind2=" " tag="100">
      <marc:subfield code="a">Marly, Michelle</marc:subfield>
      <marc:subfield code="4">aut</marc:subfield>
      <marc:subfield code="e">Verfasser/-in</marc:subfield>
   </marc:datafield>
   <marc:datafield ind1=" " ind2=" " tag="653">
      <marc:subfield code="a">Frauenschicksal</marc:subfield>
   </marc:datafield>
   <marc:datafield ind1=" " ind2=" " tag="653">
      <marc:subfield code="a">Frankreich</marc:subfield>
   </marc:datafield>
   <marc:datafield ind1=" " ind2=" " tag="653">
      <marc:subfield code="a">SchauspielerIn</marc:subfield>
   </marc:datafield>
   <marc:datafield ind1=" " ind2=" " tag="653">
      <marc:subfield code="a">biographischer Roman</marc:subfield>
   </marc:datafield>
   <marc:datafield ind1="0" ind2="0" tag="245">
      <marc:subfield code="a">Romy und der Weg nach Paris</marc:subfield>
   </marc:datafield>
   <marc:datafield ind1="0" ind2="0" tag="245">
      <marc:subfield code="b">biographischer Roman</marc:subfield>
   </marc:datafield>
   <marc:datafield ind1=" " ind2="1" tag="264">
      <marc:subfield code="b">Aufbau TB</marc:subfield>
      <marc:subfield code="c">2021</marc:subfield>
   </marc:datafield>
   <marc:datafield ind1="1" ind2=" " tag="490">
      <marc:subfield code="a">Mutige Frauen zwischen Kunst und Liebe</marc:subfield>
   </marc:datafield>
   <marc:datafield ind1="1" ind2=" " tag="520">
      <marc:subfield code="a">Klappentext: Romy Schneider - die größte Schauspielerin ihrer Zeit. 1958: Die junge Romy fühlt sich in einer Sackgasse gefangen. Als Sissi ist sie zum Weltstar geworden, doch sie ist es leid, immer nur das süße Mädel zu geben. Sie träumt von einer Laufbahn als Charakterdarstellerin. Dann lernt die wohlbehütete Romy bei Dreharbeiten den noch unbekannten Alain Delon kennen - und verliebt sich in den rebellischen jungen Mann. Gegen den Willen ihrer Familie folgt sie ihm nach Paris. Doch Romys Karriere gerät ins Stocken, und schon bald erlebt auch ihre Liebe zu Alain eine Krise à Ein großer Roman über die Suche einer einmalig faszinierenden Frau nach ihrem Weg als Künstlerin, als Liebende - und nach sich selbst.  Über den Autor und weitere Mitwirkende Hinter Michelle Marly verbirgt sich die in Hamburg geborene deutsche Bestsellerautorin Micaela Jary, die in München und Lugano aufwuchs. Durch ihren Vater, den Filmkomponisten Michael Jary, begegnete sie vielen Künstlern und Filmschaffenden der fünfziger und sechziger Jahre, später berichtete sie als Reporterin über das Showbiz, bis sie nach Paris zog und Romane zu schreiben begann. Heute lebt sie mit Mann und Hund in Berlin und Mecklenburg-Vorpommern.</marc:subfield>
   </marc:datafield>
   <marc:datafield ind1=" " ind2=" " tag="020">
      <marc:subfield code="a">9783746635231</marc:subfield>
      <marc:subfield code="9">9783746635231</marc:subfield>
   </marc:datafield>
</marc:record>
